| 000 | 00720nam a22002297a 4500 | ||
|---|---|---|---|
| 999 |
_c750 _d750 |
||
| 001 | 20054 | ||
| 003 | BD-DhUAP | ||
| 005 | 20200127143604.0 | ||
| 008 | 200127s2013 bg ||||| |||| 00| 0 eng d | ||
| 020 | _a9789843361332 | ||
| 040 |
_aBD-DhUAP _bEng _cBD-DhUAP _dBD-DhUAP |
||
| 082 |
_223 _a344.046 HUM |
||
| 245 |
_aHuman rights and climate justice / _cEdited by Mizanur Rahman and Md. Rahmat Ullah. |
||
| 260 |
_aDhaka : _bEmpowerment through Law of the Common People, _c2013. |
||
| 300 |
_axiii, 299 pages ; _c24 cm. |
||
| 650 | _aLiability for climatic change damages. | ||
| 650 | _aHuman rights. | ||
| 650 | _aEnvironmental justice. | ||
| 700 | _aRahman, Mizanur. | ||
| 700 | _aUllah, Md. Rahmat. | ||
| 942 |
_2ddc _cBK |
||